000 00973cam a22002654a 4500
001 4398
005 20260106141843.0
020 _a9780439856751
040 _aDLC
_cDLC
_dIG#
_dBAKER
_dXY4
_dDLC
_beng
050 0 0 _aQP434.Z544
_b2002
082 0 0 _a612.8
100 1 _aZiefert, Harriet
245 1 0 _aYou can't taste a pickle with your ear /
_cHarriet Ziefert ; pictures by Amanda Haley
260 _aNew York :
_bScholastic ;
_c2002.
300 _a36 unnumbered pages :
_bcolor illustrations ;
_c26 cm .
505 0 _aM .
520 _aExplores how each of the five senses is hard at work all day long providing information, warning of danger, and helping us enjoy the world around us.
521 _a550
_bLexile
521 _aM
_bRaz-Plus
650 0 _aSenses and sensation
_vJuvenile literature.
650 1 _aSenses and sensation.
700 1 _aHaley, Amanda
_eillustrator
906 _a7
_bcbc
_corignew
_d1
_eocip
_f20
_gy-gencatlg
942 _2lcc
_cBK
_n0
999 _c4398
_d4398